000
00225nam a2200097Ia 4500
008
230915s9999 xx 000 0 und d
050
_a
KF9619 .S26 2012
100
_a
SAMAHA JOEL
245
0
_a
CRIMINAL PROCEDURE
942
_c
BK
999
_c
165311
_d
165311